Research in education. (Record no. 3177)

000 -LEADER
fixed length control field 00636cam a22002531 4500
001 - CONTROL NUMBER
control field 3155891
003 - CONTROL NUMBER IDENTIFIER
control field OSt
005 - DATE AND TIME OF LATEST TRANSACTION
control field 20170105101210.0
008 - FIXED-LENGTH DATA ELEMENTS--GENERAL INFORMATION
fixed length control field 730327s1959 njua 000 0 eng
010 ## - LIBRARY OF CONGRESS CONTROL NUMBER
LC control number 59006882
015 ## - NATIONAL BIBLIOGRAPHY NUMBER
National bibliography number GB59-7285
035 ## - SYSTEM CONTROL NUMBER
System control number (OCoLC)ocm00752125
040 ## - CATALOGING SOURCE
Original cataloging agency DLC
Transcribing agency DLC
Modifying agency UKM
-- OCLCQ
-- ZCU
050 0# - LIBRARY OF CONGRESS CALL NUMBER
Classification number LB1028
Item number .B4
082 ## - DEWEY DECIMAL CLASSIFICATION NUMBER
Classification number 370.78
099 ## - LOCAL FREE-TEXT CALL NUMBER (OCLC)
Classification number 370
-- B46
100 1# - MAIN ENTRY--PERSONAL NAME
Personal name Best, John W.
245 10 - TITLE STATEMENT
Title Research in education.
260 ## - PUBLICATION, DISTRIBUTION, ETC.
Place of publication, distribution, etc. Englewood Cliffs, N.J.,
Name of publisher, distributor, etc. Prentice-Hall,
Date of publication, distribution, etc. 1959.
300 ## - PHYSICAL DESCRIPTION
Extent 320 p.
Other physical details illus.
Dimensions 22 cm.
650 #0 - SUBJECT ADDED ENTRY--TOPICAL TERM
Topical term or geographic name entry element Education
General subdivision Research.
942 ## - ADDED ENTRY ELEMENTS (KOHA)
Source of classification or shelving scheme
Koha item type Book
Holdings
Withdrawn status Lost status Source of classification or shelving scheme Damaged status Not for loan Collection code Permanent Location Current Location Shelving location Date acquired Total Checkouts Full call number Barcode Date last seen Date last checked out Price effective from Koha item type
            Central Library (CL) Central Library (CL) General Stacks 05/19/2016 1 370.78 BES S3H-D-125 09/30/2019 08/28/2019 05/19/2016 Book
© 2023 Central Library, National University of Sciences and Technology. All Rights Reserved.